Statistics for 上海16号线地铁站

Click here to take the quiz!

General Stats

  • This quiz has been taken 179 times
  • The average score is 11 of 13

Answer Stats

16号线地铁站% Correct
龙阳路
100%
滴水湖
99%
书院
93%
惠南
92%
临港大道
92%
野生动物园
90%
惠南东
90%
罗山路
88%
华夏中路
87%
航头东
80%
新场
78%
鹤沙航城
76%
周浦东
70%

Score Distribution

Percentile by Number Answered

Percent of People with Each Score

Your Score History

You have not taken this quiz